| 000 | 00650cam a2200229 i 4500 | ||
|---|---|---|---|
| 001 | BD-DhSAU 6783 | ||
| 003 | BD-DhSAU | ||
| 005 | 20150513151332.0 | ||
| 008 | 760401s1994 ii a rbd 000 0 eng | ||
| 015 | _aGB76-03202 | ||
| 040 | _aBD-DhSAU | ||
| 082 | 0 | 0 |
_a595.703 _222 _bLED |
| 100 | 1 | _aLeftwich, A. W. | |
| 245 | 1 | 2 |
_aA dictionary of entomology / _cA. W. Leftwich. |
| 260 |
_aNew Delhi : _bCBS Publishers, _cc1994. |
||
| 300 |
_a[7], 360 p. : _c23 cm. |
||
| 504 | _aIncludes bibliographical references. | ||
| 590 | _ajoy | ||
| 650 | 0 |
_aInsects _xDictionaries. |
|
| 650 | 0 |
_aInsect pests _xDictionaries. |
|
| 650 | 0 |
_aEntomology _xDictionaries. |
|
| 942 |
_2ddc _cBOOK |
||
| 999 |
_c6783 _d6783 |
||